Which cities are these museums in? - Statistics

General Stats
  • This quiz has been taken 101 times
    85 since last reset
  • The average score is 8 of 10
Answer Stats
Hint Answer % Correct
Musee d'orsay Paris
99%
Metropolitan Museum of Art New York
97%
Tate Modern London
96%
Museo Nacional Del Prado Madrid
96%
Anne Frank Museum Amsterdam
94%
Smithsonian Museum of Natural History Washington DC
89%
Tretyakov Gallery Moscow
78%
J. Paul Getty Museum Los Angeles
63%
Museo Soumaya Mexico City
39%
Imperial War Museum North Manchester
24%
No matching quizzes found
Score Distribution
Percent of People with Each Score
Percentile by Number Answered
Your Score History
You have not taken this quiz since the last reset